00749 2200265 4500001002100000005001500021035002000036007000300056008004100059020002200100082001100122084001700133100002500150245008900175250001000264260003200274300006500306500001100371500001400382650001200396700002700408504002600435990001100461990001100472INLIS00000000000290220190119110051 a0010-0119000254ta190119 g 0 ind  a979-602-6587-32-9 a551.46 a551.46 BAM y0 aBAMBANG, Joko Susilo1 aYuk, Lebih Dekat Mengenal Laut /cBambang Joko Susilo; editor, Cikal Ringgin Paneduh acet.1 aJakarta :bBee Media,c2018 aviii, 62 hlm. :bilus. ;c21 cm.-- Seri Pendidikan Adiwiyata aIndeks aGlosarium aGEOLOGI0 aCIKAL, Ringgin Paneduh aBibliografi : hlm. 57 a6374 a a6374 b